04206cam a22005774i 4500003000900000005001700009008004100026020001500067020001800082035002000100049000900120082002300129100002900152245030100181264007100482300005600553300001300609336002100622337002500643338002300668490003400691504004800725504003500773505071100808505098501519526000902504526000902513526000902522526000902531526000902540526000902549526000802558526000802566526000802574526000802582526000802590526000802598650003402606650005302640700003002693700002902723910002802752942001402780994001402794596000602808999019102814999019103005980005503196952018903251952018803440PE-LiUPU20250731184539.0181219s2014 xxua r 001 0 eng  a1931745994 a9781931745994 a(Sirsi) a251107 aPRUA04a939.46402bL542231 aLevy, Thomas E.,eautor.10aNew insights into the Iron Age archaeology of Edom, southern Jordan :bsurveys, excavations and research from the University of California, San Diego-Department of Antiquities of Jordan, Edom Lowlands Regional Archaeology Project (ELRAP) /cby Thomas E. Levy, Mohammad Najjar, and Erez Ben-Yosef. 1a[Los Angeles] :bThe Cotsen Institute of Archaeology Press,c2014. a2 volúmenes :bilustraciones ;c29 centímetros. a1 CD-ROM atext2rdacontent aunmediated2rdamedia avolume2rdacarrier0 aMonumenta archaeologica ;v35 aBibliografía al final de cada capítulo. aÍndice: páginas 1003-1034.0 aVolumen I,tNew insights into the Iron Age archaeology of Edom, southern Jordan: surveys, excavations and research from the University of California, San Diego-Department of Antiquities of Jordan, Edom Lowlands Regional Archaeology Project (ELRAP).a The Iron Age Edom lowlands regional archaeology project : Research design and methodology -- Excavations at Khirbat en-Nahas 2002-2009 : An Iron Age copper production center in the lowlands of Edom -- New perspectives on the Iron Age Edom Steppe and Highlands Khirbat al-Malayqtah, Khirbat al-Kur, Khirbat al-Iraq Shmaliya, and Tawilan -- Iron Age Ceramics from Edom: A New Typology -- The Petrography of Iron Age Edom: From the lowlands to the Highlands.0 aVolumen II,tNew insights into the Iron Age archaeology of Edom, southern Jordan: surveys, excavations and research from the University of California, San Diego-Department of Antiquities of Jordan, Edom Lowlands Regional Archaeology Project (ELRAP).aLocal Iron Age Trade Routes in Northern Edom : From the Faynan Copper Ore District to the Highlands -- Patterns of Iron Age Mining and Settlement in Jordan's Faynan District : the Wadi al-Jariya survey in context -- Feeding the Iron Age Metalworkers at Khirbat en-Nahas : Zooarchaeological data -- Wadi Fidan 40 and Mortuary Archaeology in the Edom Lowlands -- A pictore of the early and late Iron Age II in the Lowlands -- The Iron Age Egyptian Amulet Assemblage -- New Iron Age excavations at copper production sites, mines, and fortresses in Faynan -- The material culture of Iron Age Copper production in Faynan -- The Iron Age Edomite Script and Language : Methodological Strictures and Preliminary statements -- Conclusion. aP136 aP135 aP134 aP133 aP144 aP143 aP87 aP35 aP20 aP14 aP10 aP0604aEdad del hierrozEdom (Reino)04aArqueología socialzJordanzFaynān Wādī.1 aNajjar, Mohammad,eautor.1 aBen-Yosef, Erez,eautor. adbmbsagcsagd20181219 2ddccBOOK aC0bPEPRU a1 a939.46402 L54 2wDEWEYc30556i79423d30556e2019-11-24f2021-11-11g3lCCODEBUL1mBULn10p135.00r0sYtBOOKu2018-12-19xTEOLOGIAPP850COMPRA1FCOMPR2o.STAFF. Colección Teología a939.46402 L54 2wDEWEYc2i79424d2019-11-13e2019-11-13f2021-11-11g3lCCODEBUL1mBULn7p135.00r0sYtBOOKu2018-12-20xTEOLOGIAPP850COMPRA1FCOMPR2o.STAFF. Colección Teología 81gALBERTO SANCHEZ Responsable de Automatización r2025-12-03 00:00:00i4l10o939.46402 L54 2p79423s2019-11-24te1v140.00w2018-12-19xPGyBKzinventario-2023-12-13102ddc50708GENfP85aBULbBULcGENd2018-12-19eCOMPRAg135.00 r2025-12-03 00:00:00i4l7o939.46402 L54 2p79424s2019-11-13te2v140.00w2018-12-20xPGyBKzinventario-2023-12-13102ddc50708GENfP85aBULbBULcGENd2018-12-20eCOMPRAg135.00